Normal view
MARC view
- SUPERVISOR DR ADNAN MASOOD
Entry Personal Name
001 - CONTROL NUMBER
- control field: 72066
003 - CONTROL NUMBER IDENTIFIER
- control field: NUST
005 - DATE AND TIME OF LATEST TRANSACTION
- control field: 20210628204733.0
008 - FIXED-LENGTH DATA ELEMENTS
- fixed length control field: 210628|| aca||aabn | a|a d
040 ## - CATALOGING SOURCE
- Original cataloging agency: NUST
- Transcribing agency: NUST
100 ## - HEADING--PERSONAL NAME
- Personal name: SUPERVISOR DR ADNAN MASOOD
670 ## - SOURCE DATA FOUND
- Source citation: Work cat.: (NUST): BILAL, ATIF 19091, PR-SOF-1282-FABRICATION OF MICROWAVE HAIRPIN RESONATOR AND ITS APPLICATION IN MATERIAL CHARACTERISATION, 2013
